Проблема перевода идеологических текстов в аспекте концепции лакунарности; Язык и мировая культура: взгляд молодых исследователей

Bibliographic Details
Parent link:Язык и мировая культура: взгляд молодых исследователей.— 2003.— С. 55
Main Author: Фролова А.
Language:Russian
Published: 2003
Subjects:
Format: MixedMaterials Book Chapter
KOHA link:https://koha.lib.tpu.ru/cgi-bin/koha/opac-detail.pl?biblionumber=111000

MARC

LEADER 00000naa2a2200000 4500
001 111000
005 20231031120632.0
035 |a (RuTPU)RU\TPU\book\119866 
090 |a 111000 
100 |a 20070306d2003 k y0rusy50 ca 
101 0 |a rus 
102 |a RU 
200 1 |a Проблема перевода идеологических текстов в аспекте концепции лакунарности  |f А. Фролова 
320 |a Библиогр.: 6 назв. 
463 0 |0 (RuTPU)RU\TPU\book\64056  |y 5-98298-002-1  |t Язык и мировая культура: взгляд молодых исследователей  |o Материалы III Областной научно-практической конференции-конкурса студентов вузов и учащихся старших классов альтернативных учебных заведений, Томск, 24 апреля 2003 г.  |f Томский политехнический университет; Институт языковой коммуникации  |v С. 55  |d 2003  |p 76 с. 
610 1 |a лакунарность 
610 1 |a идеологические тексты 
610 1 |a перевод 
610 1 |a концепция лакунарности 
610 1 |a труды учёных ТПУ 
700 1 |a Фролова  |b А. 
801 1 |a RU  |b 63413507  |c 20070306  |g PSBO 
801 2 |a RU  |b 63413507  |c 20080408  |g PSBO 
942 |c BK